Human motivation : A key factor for management

This book introduce about what is motivation? Motivation in industry, greate motivation through a revitalized suggestion scheme... Human motivation study course.

Wedi'i Gadw mewn:
Manylion Llyfryddiaeth
Fformat: Llyfr
Iaith:Undetermined
Cyhoeddwyd: Japan Japaness Standards Association 1989
Pynciau:
Tagiau: Ychwanegu Tag
Dim Tagiau, Byddwch y cyntaf i dagio'r cofnod hwn!
Thư viện lưu trữ: Trung tâm Học liệu Trường Đại học Cần Thơ
LEADER 00738nam a2200205Ia 4500
001 CTU_229002
008 210402s9999 xx 000 0 und d
082 |a 153.8 
082 |b H918 
245 0 |a Human motivation : 
245 2 |b A key factor for management 
245 0 |c Edited by Yoshio Kondo 
260 |a Japan 
260 |b Japaness Standards Association 
260 |c 1989 
520 |a This book introduce about what is motivation? Motivation in industry, greate motivation through a revitalized suggestion scheme... Human motivation study course. 
650 |a Động lực (tâm lý học),Motivation (psychology) 
904 |i Hai Lam 
910 |b dqhieu 
980 |a Trung tâm Học liệu Trường Đại học Cần Thơ